00775nam a2200205 b 4500003000500000005001700005008004100022020002600063040002400089041001400113082001200127100003300139245012500172250001800297260004800315300003300363942003400396999001900430952012000449322820260202103914.0210817s9999 xx e 000 1 AFR d a0799313343 (hardback) aMPLbengc3228erda aAfrikaans aAF MURR aMurray, Ena 986674eauthor 0a[Keerkring van die hart / Môre lê ver / Eensaam op Wegdraai /]cAuthor: Enna Murray+; Dust jacket desigh: Bea Jonker aFirst edition aPretoriabJ.P van der Walt en Seunc© 1988 a452 pages :bjacket ;c21 cm cBK2ddcy245zIzakina Blanche c193609d193608 00102ddc40708FaMIDDLbJERELcFICd2021-08-18oAF MURRp33228018083038r2021-08-18w2021-08-18yBKz88020170439